Central Library OPAC University of Rajshahi

State of moral education at primary level in Bangladesh : (Record no. 82304)

MARC details
000 -LEADER
fixed length control field 00932nam a22002417a 4500
001 - CONTROL NUMBER
RUCL Control Number 82304
003 - CONTROL NUMBER IDENTIFIER
rucl marc code BD-RjUL
005 - DATE AND TIME OF LATEST TRANSACTION
control field 20231116155906.0
008 - FIXED-LENGTH DATA ELEMENTS--GENERAL INFORMATION
fixed length control field 231116s2018 bg a|||| m||| 00| 0 eng d
035 ## - SYSTEM CONTROL NUMBER
system control number (BD-RjUL)82304
040 ## - CATALOGING SOURCE
Original cataloging agency BD-RjUL
Language of cataloging eng
Transcribing agency BD-RjUL
Modifying agency BD-RjUL
041 ## - LANGUAGE CODE
Language code of Book eng
082 ## - DEWEY DECIMAL CLASSIFICATION NUMBER
DDC Edition number 23
Classification number 372.095492
Author mark and Year RAS 2018
100 ## - MAIN ENTRY--PERSONAL NAME
Personal name Rana, Md. Masud
9 (RLIN) 2308
245 10 - TITLE STATEMENT
Title State of moral education at primary level in Bangladesh :
Remainder of title A challenge towards cohesive approach /
Statement of responsibility, etc Md. Masud Rana ;
Name of Supervisor/Co-Supervisor Supervisor : M. Mostafa Kamal
260 ## - PUBLICATION, DISTRIBUTION, ETC. (IMPRINT)
Place of publication, distribution, etc Rajshahi :
Name of publisher, distributor, etc Institute of Bangladesh Studies, University of Rajshahi,
Date of publication, distribution, etc 2018
300 ## - PHYSICAL DESCRIPTION
Pagination xxi, 292 leaves :
Other physical details ill, ;
Dimensions 29.cm.
502 ## - DISSERTATION NOTE
Dissertation note Thesis (Ph. D.) -- Institute of Bangladesh Studies, University of Rajshahi, 2018
504 ## - BIBLIOGRAPHY, ETC. NOTE
Bibliography, etc Bibliography : Leaves 181 - 192
650 ## - SUBJECT ADDED ENTRY--TOPICAL TERM
Topical term or geographic name as entry element Primary education
Geographic subdivision Bangladesh
9 (RLIN) 7004
700 ## - ADDED ENTRY--SUPERVISOR/CO-SUPERVISOR NAME
Personal name Kamal, M. Mostafa, Supervisor
9 (RLIN) 1265
942 ## - ADDED ENTRY ELEMENTS (KOHA)
Source of classification or shelving scheme Dewey Decimal Classification
Koha item type Theses
Holdings
Source of classification or shelving scheme Damaged status Not for loan Collection code Permanent Location Current Location Shelving location Date of accession Source of acquisition Total Checkouts Full call number Barcode Date last seen Copy number Thesis
Dewey Decimal Classification   Not For Loan Theses Central Library, University of Rajshahi Central Library, University of Rajshahi Documentation Section 13/12/2020 Controller of Exam. R.U.   THE 372.095492 RAS 2018 D4372 16/11/2023 C-1 Theses